Aufbau des offenen Vollzugs im Jugendvollzug

Saved in:  
Bibliographic Details
Main Author: Wilbert, Marcus (Author)
Format: Print Article
Language:German
Published: 2001
In: Strafvollzug im Wandel
Year: 2001, Pages: 153 - 156
Check availability: HBZ Gateway

MARC

LEADER 00000caa a22000002c 4500
001 1168323207
003 DE-627
005 20250310132703.0
007 tu
008 020418s2001 xx ||||| 00| ||ger c
020 |a 3926371544 
035 |a (DE-627)1168323207 
035 |a (DE-576)098323202 
035 |a (DE-599)BSZ098323202 
040 |a DE-627  |b ger  |c DE-627  |e rakwb 
041 |a ger 
084 |a 2,1  |2 ssgn 
100 1 |a Wilbert, Marcus  |4 aut 
245 1 0 |a Aufbau des offenen Vollzugs im Jugendvollzug  |c Marcus Wilbert 
264 1 |c 2001 
300 |a S. [153] - 156 
336 |a Text  |b txt  |2 rdacontent 
337 |a ohne Hilfsmittel zu benutzen  |b n  |2 rdamedia 
338 |a Band  |b nc  |2 rdacarrier 
773 0 8 |i In  |t Strafvollzug im Wandel  |d Wiesbaden : KrimZ, Kriminologische Zentralstelle, 2001  |g (2001), Seite 153 - 156  |h 282 S.  |w (DE-627)338483756  |w (DE-576)09640406X  |z 3926371544  |7 nnam 
773 1 8 |g year:2001  |g pages:153 - 156 
951 |a AR 
ELC |b 1 
ORI |a SA-MARC-krimdok_oa001.raw